01943nam a2200253 a 4500001001000000005001700010008004100027041000800068044000700076084002000083100004500103245027100148260003600419300004200455500013500497500072500632500005401357500004101411650005201452650005601504650003401560650004501594740005001639BRCA_237020190320203758.0071108s1608----sp-#---###---#000-0#spa-u aspa asp a011b.C84c16081 aCervantes Saavedra, Miguel ded1547-161610aEl Ingenioso Hidalgo Don Quixote de la Manchabdirigido al Duque de Béjar, Marques de Gibraleón, Conde de Benalcazar, y Bañares, Vizconde de la Puebla de Alcocer Señor de las villas de Capilla, Curiel y Burguillosccompuesto por Miguel de Cervantes Saavedra. aMadridbJuan de la Cuestac1608 a1 v. (en varias paginaciones)c21 cm. aContenido : Tasa. Privilegio. Licencia. Dedicatoria del autor al Duque de Béjar. Prólogo del autor. Versos preliminares. Texto aTercera edición de Cuesta, hecha sobre la primera y segunda del mismo impresor. En ella se enmendaron muchas erratas y corrigieron varios errores cometiéndose otros, como por ejemplo, el de sustituir los nudos de la falda de D. Quijote que constituían las cuentas del rosario en la edición príncipe, por unas agallas de alcornoque de la presente (I, 26). Por ello, partiendo de erróneas posiciones interpretativas, muchos cervantistas creyeron que fuera el mismo Cervantes quién corrigió esta edición, creencia hoy definitivamente desacreditada. Fue el notable cervantista y sacerdote español, Clemente Cortejón, que la destruyó con pruebas fehacientes. Encuadernado en pergamino Lúdovik Osterc aEstado físico : Recuperación física en 2008 aCon ex-libris de : John Mordaunt Bar14aNovela españolayÉpoca clásica, 1500-170014aLiteratura españolayÉpoca clásica, 1500-170014aNovela españolaySiglo XVII14aDon Quijote (Personaje ficticio)eNovela0 aEl Ingenioso Hidalgo Don Quijote de la Mancha